000 00377nam a22001457a 4500
020 _qPB.
040 _cFIZZA ISHAQ
082 _a973.0992
_bPAU
100 _aJR.BOLLER,F.PAUL.
_9133162
245 _aPRESIDENTIAL WIVES /
_cPAUL F.BOLLER,JR.
250 _a2ND EDITION.
260 _aNEW YORK ;
_bOXFORD UNIVERSITY ,
_c1988.
300 _a553 P. ;
_c7.9X5.2IN
942 _2ddc
_cBK
999 _c616183
_d616183